Szczegóły MARC21

Rozwój przestrzeni urlopowo-wakacyjnej rodzin studentów Uniwersytetu Łódzkiego : monografia naukowa /

003 -Nazwa inst., której nr kontr. jest w polu 001 [,]
    • @
    • Nazwa instytucji, której n kontrolny jest w polu 001
    • NUKAT
005 -DATA I CZAS OSTATNIEJ MODYFIKACJI [,]
    • @
    • pole kontrolne
    • 20241231095451.0
040 -Instytucja sporządzająca opis [ , ]
    • a
    • Instytucja, która sporządziła opis (NP)
    • Ł U/BG
    • c
    • Instytucja, która sporządziła rekord (NP)
    • Ł U/BG
    • d
    • Instytucja, która zmodyfikowała rekord (P)
    • Ł U/AS
    • d
    • Instytucja, która zmodyfikowała rekord (P)
    • Ł U/ASs
    • d
    • Instytucja, która zmodyfikowała rekord (P)
    • WR O/IS
    • d
    • Instytucja, która zmodyfikowała rekord (P)
    • GD 88/MSz
041 -Język dokumentu [0, ]
    • a
    • Język tekstu (P)
    • polski
    • b
    • Język streszczeń lub abstraktu (P)
    • angielski
942 -Rodzaj dokumentu [ , ]
    • c
    • Rodzaj dokumentu
    • Książka
100 -Hasło główne - nazwa osobowa [1, ]
    • a
    • Nazwa osobowa (NP)
    • Kowalczyk-Anioł, Joanna.
    • 9
    • KHW
    • 715164
245 -Strefa tytułu i oznaczenia odpowiedzialności [1,0]
    • a
    • Tytuł
    • Rozwój przestrzeni urlopowo-wakacyjnej rodzin studentów Uniwersytetu Łódzkiego : Find
    • b
    • Ciąg dalszy tytułu (NP)
    • monografia naukowa / Find
    • c
    • Pozostałe elementy strefy tytułu i oznaczenia odpowiedzialności (NP)
    • Joanna Kowalczyk-Anioł.
260 -Strefa adresu wydawniczego [ , ]
    • a
    • Miejsce wydania (P)
    • Łódź :
    • b
    • Nazwa wydawcy (P)
    • Łódzkie Towarzystwo Naukowe,
    • c
    • Data wydania (P)
    • 2007.
300 -Strefa opisu fizycznego [ , ]
    • a
    • Określenie formy książki i/lub objętość (NP)
    • 131 s., [12] k. tabl., [6] k. map złoż. :
    • b
    • Oznaczenie ilustracji (NP)
    • il. ;
    • c
    • Format (NP)
    • 22 cm.
336 -Typ zawartości [ , ]
    • a
    • Termin opisujący typ zawartości
    • Tekst
    • b
    • Kod określający zawartość
    • txt
    • 2
    • Źródło (terminu i kodu)
    • rdacontent
337 -Typ mediów [ , ]
    • a
    • Tryb odtwarzania
    • Bez urządzenia pośredniczącego
    • b
    • Kod typu mediów
    • n
    • 2
    • Źródło (terminu i kodu)
    • rdamedia
338 -Typ/rodzaj nośnika [ , ]
    • a
    • Hasło opisujące typ nośnika
    • Wolumin
    • b
    • Kod typu nośnika
    • nc
    • 2
    • Źródło (terminu i kodu)
    • rdacarrier
490 -Strefa serii i książki wielotomowej - forma nie do wyszukiwania [1, ]
    • a
    • Tytuł (P)
    • a Szlakami Nauki / Łódzkie Towarzystwo Naukowe, Find
    • x
    • ISSN (NP)
    • 0082-1314 ;
    • v
    • Numeracja (P)
    • nr 34
830 -Hasło dodatkowe serii i opisu książki wielotomowej - tytuł ujednolicony/tytuł [ ,0]
    • a
    • Tytuł ujednolicony/tytuł (NP)
    • Szlakami Nauki
    • x
    • ISSN
    • 0082-1314
    • v
    • Oznaczenie tomu (NP)
    • nr 34
    • 9
    • KHW
    • 28857
500 -Uwaga ogólna [ , ]
    • a
    • Uwaga ogólna (NP)
    • Mapy luzem w kieszonce.
504 -Uwaga dot. bibliogr. załącznikowej [ , ]
    • a
    • Uwaga dot. bibliografii załącznikowej
    • Bibliogr. s. 123-128.
546 -Uwaga dot. języka [ , ]
    • a
    • Uwaga dot. języka
    • Streszcz. ang.
080 -Uniwersalna Klasyfikacja Dziesiętna [ , ]
    • 2
    • Identyfikator wydania tablic
    • UDC-P058
    • a
    • Symbol klasyfikacji
    • 338.48
    • b
    • Dopowiedzenie
    • Turystyka. Turyzm.
    • x
    • Poddział wspólny
    • (=162.1)
    • b
    • Dopowiedzenie
    • (=Polacy).
650 -Hasło przedmiotowe [ ,7]
    • a
    • Hasło przedmiotowe
    • Miejscowości wypoczynkowe
    • x
    • Określnik rzeczowy
    • ocena
    • z
    • Określnik geograficzny
    • Polska.
    • 2
    • Źródło terminu
    • kaba
    • 9
    • KHW
    • 715292
650 -Hasło przedmiotowe [ ,7]
    • a
    • Hasło przedmiotowe
    • Tereny wypoczynkowe
    • x
    • Określnik rzeczowy
    • ocena
    • z
    • Określnik geograficzny
    • Polska.
    • 2
    • Źródło terminu
    • kaba
    • 9
    • KHW
    • 715293
650 -Hasło przedmiotowe [ ,7]
    • a
    • Hasło przedmiotowe
    • Studenci
    • x
    • Określnik rzeczowy
    • rekreacja
    • z
    • Określnik geograficzny
    • Polska
    • z
    • Określnik geograficzny
    • Łódź.
    • 2
    • Źródło terminu
    • kaba
    • 9
    • KHW
    • 715295
650 -Hasło przedmiotowe [ ,7]
    • a
    • Hasło przedmiotowe
    • Studenci
    • x
    • Określnik rzeczowy
    • rodzina
    • z
    • Określnik geograficzny
    • Polska
    • z
    • Określnik geograficzny
    • Łódź.
    • 2
    • Źródło terminu
    • kaba
    • 9
    • KHW
    • 715294
650 -Hasło przedmiotowe [ ,7]
    • a
    • Hasło przedmiotowe
    • Urlop wypoczynkowy
    • z
    • Określnik geograficzny
    • Polska.
    • 2
    • Źródło terminu
    • kaba
    • 9
    • KHW
    • 507297
980 -Symbol UKD [ , ]
    • a
    • UKD
    • 338.48(=162.1)Łodzianie
Status udost. Numer inwentarzowy Data inwentaryzacji Lokalizacja
1Pd.198702009-05-06BG